00955nam a22001937a 4500010001300000020002900013035001300042037001600055040001200071082001600083245004900099260005200148270005200200300007700252500035300329650002700682650003000709700002200739 aA-895488 a8170249317c4000.00(set) aA-895488 aCen Lib/Ret aDPLbEN a302.14bSHA aAnatomy of communalism /cby Sita Ram Sharma aNew Delhi b APH Publishingh Corporationc1998. a5, Ansari Road, Darya Ganj bNew Delhi e110002 a6 v.; (v 1. 382 ; v 2. 300 ; v 3. 233 ; v 4. 278 ; v. 5 249 ; v 6. 238) a6 v. ; v 1. Historical perspectives on communalism (avalibale) ; v. 2. Politics and government of communalism (avalibale) ; v. 3. Indian Muslim League and communalism (avalibale) ; v 4. Mohammad Ali Jinnah and communal leadership (avalibale) ; v 5. An analysis of Hindu-Muslim conflict in India (avalibale) ; v. 6. Hindu communalism (avalibale)  aCommunalism -- India.  a Communalism -- Pakistan. aSharma, Sita Ram